Europa 2002 <die> Europäische Union wird grösser
Salvato in:
| Natura: | Libro |
|---|---|
| Lingua: | tedesco |
| Pubblicazione: |
Berlin
Presse- und Informationsamt der Bundesregierung
[2001]
|
| Soggetti: | |
| Tags: |
Nessun Tag, puoi essere il primo ad aggiungerne!!
|
MARC
| LEADER | 00000nam a2200000 4500 | ||
|---|---|---|---|
| 001 | c124082 | ||
| 005 | 20221221091145.7 | ||
| 041 | 0 | |a ger | |
| 044 | |a DE | ||
| 245 | 1 | 0 | |a Europa 2002 |b <die> Europäische Union wird grösser |
| 264 | 1 | |a Berlin |b Presse- und Informationsamt der Bundesregierung |c [2001] | |
| 300 | |a 160 s. | ||
| 610 | 2 | 0 | |a integrácia ekonomická medzinárodná |
| 610 | 2 | 0 | |a spolupráca hospodárska medzinárodná |
| 610 | 2 | 0 | |a dohody medzinárodné |
| 610 | 2 | 0 | |a orgány štatutárne |
| 610 | 2 | 0 | |a štruktúra organizačná |
| 610 | 2 | 0 | |a parlamenty |
| 610 | 2 | 0 | |a súdnictvo |
| 610 | 2 | 0 | |a zákony |
| 610 | 2 | 0 | |a legislatíva |
| 610 | 2 | 0 | |a trh vnútorný |
| 610 | 2 | 0 | |a politika hospodárska medzinárodná |
| 610 | 2 | 0 | |a clá |
| 610 | 2 | 0 | |a Európa |
| 610 | 2 | 0 | |a Európska únia |
| 610 | 2 | 0 | |a Európske spoločenstvá |
| 610 | 2 | 0 | |a Rada Európy |